000 00616nam a22001817a 4500
003 UA-OsUOA
001 13762
007 ta
008 20030621b un ||||| |||| 00| 0 ukr d
100 _aІльчук В.
942 _cSA
040 _aUA-OsUOA
_cUA-OsUOA
_dUA-OsUOA
245 _aУ парку буде два нових атракціони
_b[Про нові атракціони для дітей Рівнен. міськ. парку ім. Т.Шевченка]
300 _aС.4
955 _a0
773 0 _w0
_tОго
_dРівне
_d2003
_g№75/24 квіт./
650 7 _aКраєзнавча робота
_2UDC
999 _c299923
_d299923